00709nam a22002177a 4500999001700000003000900017008004100026040007100067082001700138100002500155245002200180260002800202300002800230505002800258650002300286650001500309650002600324942001600350945002100366952010400387 c16956d16956AR-CdUCM190506b ||||| |||| 00| 0 spa d aMUNICIPALIDAD PROVINCIAL DEL CUSCOcBIBLIOTECA MUNICIPAL DEL CUSCO a891.4 /bA78 aArtzybacheff, Miguel aLos millonarios / aChile :bOsiris,c1933. a128 páginas ;c20 cm. aContenido: Novela Rusa. aNovela rusa912025 aRusia9499 aLiteratura rusa99988 2ddccLIBROS adavvd06/05/2019 002ddc4070aSCAbSCAcCARTd2019-05-06g20.00o891.4 / A78 / 1933pSCA0003861r2019-05-06yLIBROS